| 000 | 00959cad a22002295a 4500 | ||
|---|---|---|---|
| 001 | E143803 | ||
| 008 | 080602s2008 xxk f a000 0 eng d | ||
| 020 | _a9780852726198 | ||
| 035 | _a(Sirsi) u143803 | ||
| 041 | 0 | _aeng | |
| 050 | 0 | 4 | _a338.20212 $2 18 |
| 110 | 2 |
_aBritish Geological Survey _91581 |
|
| 245 | 0 | 2 |
_aA guide to minerals information in the central belt of Scotland _h[electronic resource] |
| 260 |
_aEdinburgh _bScottish Government _c2008 |
||
| 520 | _aIdentifies mineral resources in the central belt of Scotland and provides details of key publications on the subject as well as sources of further information. Includes maps and charts. | ||
| 521 | _aAdvanced | ||
| 590 | _aKA | ||
| 651 | 4 |
_aScotland _y1999- |
|
| 690 | _aENVIRONMENTAL AND LAND CONSULTANCY-MINERAL RESOURCE MANAGEMENT | ||
| 856 | 4 | 0 |
_uhttps://www.scotland.gov.uk/Publications/2008/05/27155411/0 _zView the document free of charge at www.scotland.gov.uk... |
| 942 | _n0 | ||
| 999 |
_c108270 _d108270 |
||